Paesi più vicini a São Tomé e Príncipe - Morte improvvisa - Statistics

Statistiche generali
  • Questo quiz è stato fatto 15 volte
  • Il punteggio medio è 8 su 15
Answers on the Grid
Answers color-coded by a green-red scale on the quiz's grid according to % correct below.
Guinea Equatoriale
Gabon
Camerun
Nigeria
Repubblica del Congo
Benin
Togo
Angola
Ghana
Repubblica Democratica del Congo
Costa d'Avorio
Repubblica Centrafricana
Burkina Faso
Ciad
Niger
Liberia
Guinea
Mali
Mauritania
Sudan
Sud Sudan
Uganda
Ruanda
Burundi
Zambia
Tanzania
Botswana
Zimbabwe
Sudafrica
Namibia
 
Statistiche sulle risposte
Risposta % Corretto
Ghana
83%
Camerun
67%
Costa d'Avorio
67%
Angola
58%
Benin
58%
Guinea Equatoriale
58%
Repubblica Democratica del Congo
58%
Togo
58%
Nigeria
50%
Repubblica del Congo
50%
Gabon
42%
Niger
42%
Repubblica Centrafricana
42%
Burkina Faso
17%
Ciad
8%
Nessun quiz corrispondente trovato
Distribuzione punteggi
Percentuale di utenti per punteggio
Percentile per numero di risposta
I tuoi punteggi nel tempo
Non hai fatto questo quiz